285 More Rappers 2022 - Statistics

General Stats
  • This quiz has been taken 85 times
    28 since last reset
  • The average score is 15 of 285
Answer Stats
Hint Answer % Correct
Actor Will Smith
56%
BritishRapper Central Cee
32%
Hispanic Rapper Bad Bunny
20%
Ice Spice
20%
WWE Wrestler John Cena
20%
Kay Flock
20%
Yeat
20%
BritishRapper Aitch
16%
C Blu
16%
Dead Chii Wvttz
16%
DD Osama
16%
Dougie B
16%
Dead Edot Baby
16%
Nas EBK
16%
Dead Notti Osama
16%
Set Da Trend
16%
Sha Ek
16%
SugarHill Keem
16%
Yus Gz
16%
Bando Gz
12%
BlockWork
12%
B-Lovee
12%
CJ Goon
12%
BritishRapper Dave
12%
BritishRapper Digga D
12%
Kenzo Balla
12%
PJ Glizzy
12%
Dead Rah Gz
12%
Russ
12%
Jamaican Rapper Sean Paul
12%
SugarHill Ddot
12%
TG Crippy
12%
WWE Wrestler The Rock
12%
Akon
8%
Hispanic Rapper Anuel AA
8%
Casanova
8%
DThang Gz
8%
Fase Yoda
8%
Glorilla
8%
BritishRapper Headie One
8%
Ken Car$on
8%
Lee Drilly
8%
Lil Kee
8%
Lil Mabu
8%
OMB JayDee
8%
PARTYNEXTDOOR
8%
Ron Suno
8%
BritishRapper Russ Millions
8%
Say Drilly
8%
BritishRapper Stormzy
8%
Tdot Gz
8%
1TakeJay
4%
2Rare
4%
3xBravo
4%
BritishRapper Abra Cadabra
4%
Action Bronson
4%
AFN Peso
4%
Armani Caesar
4%
Baby Money
4%
BabySantana
4%
Baby Smoove
4%
BabyTron
4%
BaeBae Savo
4%
Ballout
4%
BandMan Kevo
4%
BiC Fizzle
4%
Big Boogie
4%
Big Moochie Grape
4%
BigWalkDog
4%
BritishRapper Big Zuu
4%
Billionare Black
4%
Bino Rideaux
4%
Blacc Zacc
4%
Rap Group BlueBucksClan
4%
Dead Blvd Quick
4%
Dead Boog The Bandit
4%
Bory300
4%
Bryson Tiller
4%
Cdai
4%
Cdot Honcho
4%
CeeLo Green
4%
Chika
4%
Cory Gunz
4%
Cphilly
4%
CupcakKe
4%
Curly Savv
4%
DaDa1k
4%
Dax
4%
Rap Group DCG Brothers
4%
BritishRapper Deno
4%
Doechii
4%
DreamDoll
4%
Dreezy
4%
Drilla
4%
D Smoke
4%
BritishRapper E1
4%
Eli Fross
4%
Erica Banks
4%
Eric Reprid
4%
Dead FBG Cash
4%
FBG Dutchie
4%
FBG Wooski
4%
FBG Young
4%
Fresco Trey
4%
FYB J Mane
4%
GBF King
4%
GMK
4%
Dead Goonew
4%
Gorilla Zoe
4%
G Perico
4%
Guapdad 4000
4%
Gutta100
4%
HoneyKomb Brazy
4%
Hoodrich Pablo Juan
4%
Hotboy Wes
4%
Hypno Carlito
4%
BritishRapper JAY1
4%
Jay Esco
4%
Jay Fizzle
4%
HispanicRapper J Balvin
4%
Jdot Breezy
4%
JELEEL
4%
British Rapper JME
4%
Joddy Badass
4%
Justin Rarri
4%
Kaash Paige
4%
KA$HDAMI
4%
Kalan.FrFr
4%
Kali
4%
Karlae
4%
KayCyy
4%
Kehlani
4%
Kenny Muney
4%
KenTheMan
4%
King Combs
4%
King Louie
4%
King Yella
4%
Kuttem Reese
4%
LBS Kee'vin
4%
Leeky G Bando
4%
Lil Bravo
4%
Lil Duke
4%
Lil Gnar
4%
Lil HE77
4%
Lil Jay
4%
Lil Mexico
4%
Lil Twist
4%
Looney Babie
4%
Lucki
4%
Lud Foe
4%
Macklemore
4%
MadMarcc
4%
Matt Ox
4%
Maxo Kream
4%
MaxThaDemon
4%
Midwxst
4%
MulaBaby
4%
Munna Duke
4%
Noodah05
4%
NWM Cee Murdaa
4%
OBN Jay
4%
Ocho Munna
4%
OMB BloodBath
4%
OTF Boona
4%
OTF Boonie Moe
4%
OTF Ikey
4%
OTF Timo
4%
OTF Twin
4%
O.T. Genasis
4%
Paper Route Woo
4%
BritishRapper Pa Salieu
4%
Pasto Flocco
4%
Payroll Giovanni
4%
Peysoh
4%
PGF Nuk
4%
Also A DJ Pi'erre Bourne
4%
P-Lo
4%
Ppcocaine
4%
Queen Latifah
4%
Rah Swish
4%
BritishRapper Randolph
4%
Raw Youngin
4%
Real Boston Richey
4%
Reason
4%
Rich Brian
4%
Rich Dunk
4%
Rico Recklezz
4%
Rio Da Yung OG
4%
Rubi Rose
4%
Rucci
4%
Rylo Rodriguez
4%
Dead Sad Frosty
4%
Saucy Santana
4%
SBG Kemo
4%
Dead Scott La Rock
4%
Seddy Hendrinx
4%
Shoebox Baby
4%
ShooterGang Kony
4%
Shordie Shordie
4%
Dead Slim 400
4%
BritishRapper Slowthai
4%
Smoove'L
4%
Dead Snootie Wild
4%
Snupe Bandz
4%
Soldier Kidd
4%
BritishRapper Stefflon Don
4%
Stunna2Fly
4%
Stunna Gambino
4%
Stunna Girl
4%
Suigeneris
4%
BritishRapper Swarmz
4%
Sydny August
4%
SykoBob
4%
TeeJay3k
4%
The Lady of Rage
4%
Rap Duo The Luniz
4%
THF Billa
4%
Rap Group Three 6 Mafia
4%
BritishRap Duo Tobi & Manny
4%
Token
4%
Trapboy Freddy
4%
Trapland Pat
4%
T-Shyne
4%
$tupid Young
4%
Unfoonk
4%
Veeze
4%
Dead Wavy Navy Pooh
4%
White $osa
4%
Yak Gotti
4%
Yak Yola
4%
Y&R Mookey
4%
Y&R Slugga Tee
4%
Yelawolf
4%
Yella Beezy
4%
Young Iggz
4%
Dead Young Slo-Be
4%
YSB Tril
4%
YSN Fab
4%
YTB Trench
4%
Yung Baby Tate
4%
Yung Bans
4%
BritishRapper YUNGBLUD
4%
Yung Gravy
4%
Yung Kayo
4%
YungLIV
4%
Yxng K.A
4%
Bandmanrill
0%
Bravo The Bagchaser
0%
Craig Xen
0%
Cuban Doll
0%
Dro Kenji
0%
Duwap Kaine
0%
GirlzLuhDev
0%
Giveon
0%
G Poppa
0%
Joey Trap
0%
Joji
0%
Jucee Froot
0%
Klass Murda
0%
K Suave
0%
Lil 2z
0%
Lil Darkie
0%
Luh Soldier
0%
Mike Dimes
0%
Quin NFN
0%
Rico Cartel
0%
SahBabii
0%
Sauce Walka
0%
Skinnyfromthe9
0%
Slatt Zy
0%
SleazyWorld Go
0%
Rap Group South Central Cartel
0%
TJ Porter
0%
TOB Duke
0%
Trae tha Truth
0%
Trench Baby
0%
T-Wayne
0%
TyFontaine
0%
UnoTheActivist
0%
Westside Gunn
0%
Xanman
0%
Yung Gleesh
0%
Yvngxchris
0%
Zona Man
0%
Zotiyac
0%
No matching quizzes found
Score Distribution
Percent of People with Each Score
Percentile by Number Answered
Your Score History
You have not taken this quiz since the last reset